| 000 | 00000nam 2200000za 4500 |
| 001 | 9.807412 |
| 003 | CaOODSP |
| 005 | 20241203113639 |
| 007 | cr ||||||||||| |
| 008 | 150407s2015||||onca||||o f00| 0 eng d |
| 040 | |aCaOODSP|beng |
| 043 | |an-cn--- |
| 086 | 1 |aEn4-275/2006E-PDF |
| 245 | 00|aLet's not take water for granted |h[electronic resource] : |ba resource guide - freshwater series. |
| 260 | |a[Ottawa] : |bEnvironment Canada |cc2006. |
| 300 | |av. 216 p. : |bfigures, graphs. |
| 500 | |a"A resource guide targeted at educators (Grades 5, 6, and 7)." |
| 710 | 1 |aCanada. |bEnvironment Canada. |
| 775 | 08|tNe prenons pas l'eau pour acquis |w(CaOODSP)9.807415 |
| 856 | 40|qPDF|s3.95 MB|uhttps://publications.gc.ca/collections/collection_2015/ec/En4-275-2006-eng.pdf |